Stochastic Geometry, Spatial Statistics and Random Fields Models and Algorithms /

Providing a graduate level introduction to various aspects of stochastic geometry, spatial statistics and random fields, this volume places a special emphasis on fundamental classes of models and algorithms as well as on their applications, for example in materials science, biology and genetics. Thi...

Full description

Bibliographic Details
Corporate Author: SpringerLink (Online service)
Other Authors: Schmidt, Volker (Editor)
Format: Electronic eBook
Language:English
Published: Cham : Springer International Publishing : Imprint: Springer, 2015.
Series:Lecture Notes in Mathematics, 2120
Subjects:
Online Access:Full Text via HEAL-Link
LEADER 03305nam a22005415i 4500
001 978-3-319-10064-7
003 DE-He213
005 20151103124229.0
007 cr nn 008mamaa
008 141024s2015 gw | s |||| 0|eng d
020 |a 9783319100647  |9 978-3-319-10064-7 
024 7 |a 10.1007/978-3-319-10064-7  |2 doi 
040 |d GrThAP 
050 4 |a QA273.A1-274.9 
050 4 |a QA274-274.9 
072 7 |a PBT  |2 bicssc 
072 7 |a PBWL  |2 bicssc 
072 7 |a MAT029000  |2 bisacsh 
082 0 4 |a 519.2  |2 23 
245 1 0 |a Stochastic Geometry, Spatial Statistics and Random Fields  |h [electronic resource] :  |b Models and Algorithms /  |c edited by Volker Schmidt. 
264 1 |a Cham :  |b Springer International Publishing :  |b Imprint: Springer,  |c 2015. 
300 |a XXIV, 464 p. 133 illus., 63 illus. in color.  |b online resource. 
336 |a text  |b txt  |2 rdacontent 
337 |a computer  |b c  |2 rdamedia 
338 |a online resource  |b cr  |2 rdacarrier 
347 |a text file  |b PDF  |2 rda 
490 1 |a Lecture Notes in Mathematics,  |x 0075-8434 ;  |v 2120 
505 0 |a Stein’s Method for Approximating Complex Distributions, with a View towards Point Processes -- Clustering Comparison of Point Processes, with Applications to Random Geometric Models -- Random Tessellations and their Application to the Modelling of Cellular Materials -- Stochastic 3D Models for the Micro-structure of Advanced Functional Materials -- Boolean Random Functions -- Random Marked Sets and Dimension Reduction -- Space-Time Models in Stochastic Geometry -- Rotational Integral Geometry and Local Stereology - with a View to Image Analysis -- An Introduction to Functional Data Analysis -- Some Statistical Methods in Genetics -- Extrapolation of Stationary Random Fields -- Spatial Process Simulation -- Introduction to Coupling-from-the-Past using R -- References -- Index. 
520 |a Providing a graduate level introduction to various aspects of stochastic geometry, spatial statistics and random fields, this volume places a special emphasis on fundamental classes of models and algorithms as well as on their applications, for example in materials science, biology and genetics. This book has a strong focus on simulations and includes extensive codes in Matlab and R, which are widely used in the mathematical community. It can be regarded as a continuation of the recent volume 2068 of Lecture Notes in Mathematics, where other issues of stochastic geometry, spatial statistics and random fields were considered, with a focus on asymptotic methods. 
650 0 |a Mathematics. 
650 0 |a Algorithms. 
650 0 |a Mathematical models. 
650 0 |a Geometry. 
650 0 |a Probabilities. 
650 1 4 |a Mathematics. 
650 2 4 |a Probability Theory and Stochastic Processes. 
650 2 4 |a Mathematical Modeling and Industrial Mathematics. 
650 2 4 |a Algorithms. 
650 2 4 |a Geometry. 
700 1 |a Schmidt, Volker.  |e editor. 
710 2 |a SpringerLink (Online service) 
773 0 |t Springer eBooks 
776 0 8 |i Printed edition:  |z 9783319100630 
830 0 |a Lecture Notes in Mathematics,  |x 0075-8434 ;  |v 2120 
856 4 0 |u http://dx.doi.org/10.1007/978-3-319-10064-7  |z Full Text via HEAL-Link 
912 |a ZDB-2-SMA 
912 |a ZDB-2-LNM 
950 |a Mathematics and Statistics (Springer-11649)